| 000 | 02440cam a22002414a 4500 | ||
|---|---|---|---|
| 005 | 20250605163947.0 | ||
| 008 | 250528s ||||||||||||||||||||||||d | ||
| 035 | _a15240 | ||
| 020 | _a025607917X | ||
| 040 |
_aGR-AtMCL _bgre _dGR-AtMCL _eAACR2 |
||
| 245 | 1 | _aCorporate Finance / Second Edition | |
| 250 | _a2nd | ||
| 260 |
_bIrwin Mcgraw-Hill, _c1990 |
||
| 300 | _a892 | ||
| 505 | 0 | _aOverview, Introduction to Corporate Finance, Accounting Statements and Cash Flow, Value and Capital Budgeting, Financial Markets and Net Present Value: First Principles of Finance (Advanced), Net Present Value, How to Value Bonds and Stocks, Some Alternative Investment Rules, Practical Application of Capital Budgeting Techniques, Risk, Capital Markets: An Overview, Return and Risk, An Alternative View of Risk and Return: The Arbitrage-Pricing Theory, Risk and Return and Capital Budgeting, Capital Structure and Dividend Policy, Corporate-Financing Decisions and Efficient Capital Markets, Capital Structure: Limits to the Use of Debt, Long-Term Financing, Options and Corporate Finance, Warrants and Convertibles, Leasing, Hedging Risk, Financial Planning and Short-Term Finance, Short-Term Finance and Planning, Credit Management, Special Topics, Mergers and Acquisitions, International Corporate Finance, Glossary, Index. | |
| 520 | _aOverview, Introduction to Corporate Finance, Accounting Statements and Cash Flow, Value and Capital Budgeting, Financial Markets and Net Present Value: First Principles of Finance (Advanced), Net Present Value, How to Value Bonds and Stocks, Some Alternative Investment Rules, Practical Application of Capital Budgeting Techniques, Risk, Capital Markets: An Overview, Return and Risk, An Alternative View of Risk and Return: The Arbitrage-Pricing Theory, Risk and Return and Capital Budgeting, Capital Structure and Dividend Policy, Corporate-Financing Decisions and Efficient Capital Markets, Capital Structure: Limits to the Use of Debt, Long-Term Financing, Options and Corporate Finance, Warrants and Convertibles, Leasing, Hedging Risk, Financial Planning and Short-Term Finance, Short-Term Finance and Planning, Credit Management, Special Topics, Mergers and Acquisitions, International Corporate Finance, Glossary, Index. | ||
| 700 | 1 |
_aJaffe F. Jeffrey _91129 |
|
| 700 | 1 |
_aRoss A. Stephen _91130 |
|
| 700 | 1 |
_aWesterfield W. Randolph _91131 |
|
| 942 | _cBK | ||
| 999 |
_c833 _d833 |
||